| 000 | 00634nam a2200229Ia 4500 | ||
|---|---|---|---|
| 003 | OSt | ||
| 005 | 20220918202649.0 | ||
| 006 | a|||||r|||| 00| 0 | ||
| 007 | ta | ||
| 008 | 220917b |||||||| |||| 00| 0 eng d | ||
| 024 | _a102,917 | ||
| 037 | _cTextual | ||
| 040 |
_aARTS _cARTS _beng |
||
| 041 |
_2eng _aeng |
||
| 082 | _aV254:280X723:M9, K8 | ||
| 100 |
_aJena Krishnachandra _9104821 |
||
| 245 | 0 | _aLand revenue administration in Orissa during the nineteenth century | |
| 260 | _c1968 | ||
| 650 | _aHISTORY | ||
| 942 |
_hV254:280X723:M9, K8 _cTEXL _2CC |
||
| 999 |
_c226362 _d226362 |
||